Normal view
MARC view
- Argueta Villamar, Jorge Arturo
Entry Nombre Personal
001 - NUMERO DE CONTROL
- campo de control: 36901
003 - IDENTIFICADOR DE NUMERO DE CONTROL
- campo de control: UPN
005 - FECHA Y HORA DE LA ÜLTIMA TRANSACCIÓN
- campo de control: 20210219194519.0
008 - DATOS DE LONGITUD FIJA
- campo de control de longitud fija: nabaccnnaabn|||||||||| b |nc|||||d
035 ## - NUMERO DE CONTROL
- Número de control: UPN11000009008
040 ## - FUENTE DE CATALOGACIÓN
- Lenguaje de catalogación: SPA
- Agencia de transcripción: UPN
100 1# - ENCABEZAMIENTO - NOMBRE PERSONAL
- Nombre personal: Argueta Villamar, Jorge Arturo
400 1# - VEÁSE - NOMBRE DE PERSONA
- Personal name: Argueta Villamar, Arturo
670 ## - FUENTE EN LA QUE SE LOCALIZARON DATOS
- Cita de la fuente: T
- Uniform Resource Identifier: http://ec.filos.unam.mx/2013/02/26/arturo-argueta-villamar/
680 ## - NOTA PUBLICA DE ACCESO PÚBLICO
- Frase explicativa de la referencia: Doctor en Ciencias (Biología) por la Universidad Nacional Autónoma de México y Diplomado en Medio Ambiente y Desarrollo Sustentable por El Colegio de México
902 ## - CATALOGADOR
- Catalogador: MCM/280415
